Rethinking education in the hill Northeast India / (Record no. 142551)

MARC details
000 -LEADER
fixed length control field 00668nam a22002057a 4500
005 - DATE AND TIME OF LATEST TRANSACTION
control field 20170713154802.0
010 ## - LCCN (DPL NO)
LC control number ENG-119179
020 ## - INTERNATIONAL STANDARD BOOK NUMBER
International Standard Book Number 9788175417885
Terms of availability 160.00
035 ## - SYSTEM CONTROL NUMBER
System control number EN-102711
037 ## - SOURCE OF ACQUISITION
Source of stock number/acquisition DBAD/PUB
082 ## - DEWEY DECIMAL CLASSIFICATION NUMBER
Classification number 370.95455
245 ## - TITLE STATEMENT
Title Rethinking education in the hill Northeast India /
Statement of responsibility, etc edited by A.S.Yaringam [and] A.C. Kharingpam
260 ## - PUBLICATION, DISTRIBUTION, ETC. (IMPRINT)
Place of publication, distribution, etc Delhi
Name of publisher, distributor, etc Shipra Publications
Date of publication, distribution, etc 2015
270 ## - ADDRESS
Address LG-18-19,Pankaj Central Market,I.P.Ext. Patparganj
City Delhi
Postal code 110092
300 ## - PHYSICAL DESCRIPTION
Extent viii,144p.
Dimensions 23cm(pbk)
500 ## - GENERAL NOTE
General note Includes references
700 ## - ADDED ENTRY--PERSONAL NAME
Personal name A.S.Yaringam
700 ## - ADDED ENTRY--PERSONAL NAME
Personal name A.C. Kharingpam
942 ## - ADDED ENTRY ELEMENTS (KOHA)
Source of classification or shelving scheme Dewey Decimal Classification
Item type English Books
Call number suffix RET
Classification part 370.95455
Holdings
Withdrawn status Lost status Not for loan Collection code Home library Current library Date acquired Source of acquisition Cost, normal purchase price Full call number Barcode Copy number Cost, replacement price Koha item type
      Non-fiction Patel Nagar Patel Nagar 13/07/2017 DBAD/PUB 160.00 370.95455 RET EN-102711 1 160.00 English Books

© Delhi Public Library
Hit Counter
free hit counter